000 00454pab a2200181 454500
008 180718b2002 xxu||||| |||| 00| 0 eng d
100 _aRustagi, Preet
245 _aGirl child labour: regional dimensions and motivations
260 _c2002
300 _ap.465-77.
362 _aJul-Sep
650 _aMotivation
650 _aGirls
650 _aLabour
650 _aChild labour
773 _aIndian Journal of Labour Economics
909 _a55173
999 _c55173
_d55173